000 02062cam a22004934i 4500
003 PE-LiUPU
005 20250731173334.0
008 150616s r 000 0 d
020 _a9500906406
035 _a(Sirsi) i9789500906401
040 _aPE-LiUPU
_bspa
_cPE-LiUPU
_erda
049 _aPRUA
082 0 4 _a261.8
_bG25
_221
245 0 0 _aEvangelización y liberación /
_cGuillermo Garlatti [y otros].
264 1 _aBuenos Aires :
_bEdiciones Paulinas,
_c1986.
300 _a249 páginas ;
_c21 centímetros
336 _atext
_2rdacontent
337 _aunmediated
_2rdamedia
338 _avolume
_2rdacarrier
490 0 _aTeología ;
_v1
505 0 _aEvangelización y liberación -- Evangelización y liberación en la historia de la iglesia latinoaméricana -- Opresión y liberación en la óptica de la iglesia primitiva -- Liberación y antropología -- Jesucristo salvador. Religión y cultura en América Latina -- Breve reflexión pastoral sobre teología de la liberación -- Orientaciones de la "Instrucción sobre algunos aspectos de la teología de la liberación".
526 _aSEG42
526 _aSEG41
526 _aSEG40
526 _aSEG39
526 _aP94
526 _aP87
526 _aP86
526 _aP85
526 _aP77
526 _aP76
526 _aP35
650 0 4 _aIglesia y problemas sociales
_zLatinoamérica
_xIglesia Católica
_xCongresos.
650 0 4 _aTeología de la Liberación
_xCongresos.
650 0 4 _aTrabajo evangelístico
_zLatinoamérica
_xCongresos.
700 1 _aGarlatti, Guillermo,
_eeditor.
910 _ajck
_bjvq
_cjck
942 _2ddc
_cBOOK
949 _a261.8 G25
_wDEWEY
_c1
_i28456
_lCCODEBUL1
_mBUL
_r0
_sY
_tBOOK
_u2015-4-23
_xTEOLOGIA
_zUNKNOWN
_0COMPRA
_o.STAFF. Colección General
994 _aC0
_bPEPRU
596 _a1
999 _a261.8 G25
_wDEWEY
_c48760
_i28456
_f2021-11-12
_g5
_lCCODEBUL1
_mBUL
_r0
_sY
_tBOOK
_u2015-4-23
_xTEOLOGIA
_zUNKNOWN
_0COMPRA
_o.STAFF. Colección General
_d48760
980 _81
_gALBERTO SANCHEZ Responsable de Automatización